UBT Library

Williams textbook of endocrinology. (Record no. 40266)

000 -LEADER
fixed length control field 00727pam a2200253 a 4500
001 - CONTROL NUMBER
control field 3999887
005 - DATE AND TIME OF LATEST TRANSACTION
control field 20180115071105.0
008 - FIXED-LENGTH DATA ELEMENTS--GENERAL INFORMATION
fixed length control field 960814s1998 paua b 001 0 eng c
010 ## - LIBRARY OF CONGRESS CONTROL NUMBER
LC control number 96041440
020 ## - INTERNATIONAL STANDARD BOOK NUMBER
International Standard Book Number 0721661521
040 ## - CATALOGING SOURCE
Original cataloging agency DNLM/DLC
Transcribing agency DLC
Modifying agency DLC
041 ## - LANGUAGE CODE
Language code of text/sound track or separate title eng
060 10 - NATIONAL LIBRARY OF MEDICINE CALL NUMBER
Classification number WK 100 W721 1998
080 ## - UNIVERSAL DECIMAL CLASSIFICATION NUMBER
Universal Decimal Classification number 616.4
082 00 - DEWEY DECIMAL CLASSIFICATION NUMBER
Classification number 616.4 WIL
Edition number 20
100 ## - Rafti
Rafti 3
101 ## - Shkurtesa
Shkurtesa SHM
245 00 - TITLE STATEMENT
Title Williams textbook of endocrinology.
246 30 - VARYING FORM OF TITLE
Title proper/short title Textbook of endocrinology
504 ## - BIBLIOGRAPHY, ETC. NOTE
Bibliography, etc Includes bibliographical references and index.
906 ## - LOCAL DATA ELEMENT F, LDF (RLIN)
a 7
b cbc
c orignew
d 1
e ocip
f 19
g y-gencatlg
942 ## - ADDED ENTRY ELEMENTS (KOHA)
Source of classification or shelving scheme
Item type Books
Holdings
Withdrawn status Lost status Source of classification or shelving scheme Damaged status Not for loan Collection code Permanent location Current location Shelving location Date acquired Total Checkouts Full call number Barcode Date last seen Price effective from Koha item type
          Koleksioni i përgjithshem UBT - Lipjan UBT - Lipjan Koleksioni i përgjithshem 01/15/2018   616.4 WIL 002-2995438 01/15/2018 01/15/2018 Books
UBT Library © 2015-2024. All rights reserved University Education for Business and Technology